000 00430nam a2200157Ia 4500
005 20241010075324.0
008 240331s9999 xx 000 0 und d
020 _a955957180X
082 _bROB
_a820
100 _aRobinson, L.R
245 4 _aThe village at the mouth of the river
260 _aColombo
_bEnglish Writer's Cooperative of Sri Lanka
_c1994
300 _a138 p .,
500 _aLe Roy Robinson Stories
942 _cL
999 _c3172
_d3172